Welcome to CU Library Online Public Access Catalogue (OPAC)

EARLY CHRISTIAN DOCTRINES (Record no. 6382)

MARC details
000 -LEADER
fixed length control field 00380nam a22001457a 4500
005 - DATE AND TIME OF LATEST TRANSACTION
control field 20250610094954.0
008 - FIXED-LENGTH DATA ELEMENTS--GENERAL INFORMATION
fixed length control field 250610b |||||||| |||| 00| 0 eng d
020 ## - INTERNATIONAL STANDARD BOOK NUMBER
International Standard Book Number 9781565639119
050 ## - LIBRARY OF CONGRESS CALL NUMBER
Classification number BT 25
Item number KEL
100 ## - MAIN ENTRY--PERSONAL NAME
Personal name KELLY, J.N,D
245 ## - TITLE STATEMENT
Title EARLY CHRISTIAN DOCTRINES
260 ## - PUBLICATION, DISTRIBUTION, ETC.
Place of publication, distribution, etc. NEW YORK
Name of publisher, distributor, etc. HARPERCOLLINS PUBLISHERS, INC.
Date of publication, distribution, etc. c1978
300 ## - PHYSICAL DESCRIPTION
Extent xii, 511p
942 ## - ADDED ENTRY ELEMENTS (KOHA)
Source of classification or shelving scheme Library of Congress Classification
Koha item type Books
Suppress in OPAC No
999 ## -
-- 6382
-- 6382
Holdings
Withdrawn status Lost status Source of classification or shelving scheme Damaged status Not for loan Collection Home library Current library Shelving location Date acquired Total checkouts Full call number Barcode Date last seen Copy number Price effective from Koha item type
    Library of Congress Classification     Non-fiction Undergraduate Library (Christ Temple) Undergraduate Library (Christ Temple) General stacks 06/10/2025   BT25 KEL ulct00003141 06/10/2025 1 06/01/2025 Books
    Library of Congress Classification     Non-fiction Undergraduate Library (Christ Temple) Undergraduate Library (Christ Temple) General stacks 06/10/2025   BT25 KEL ulct00003142 06/10/2025 2 06/01/2025 Books
© 2023-2024 Copyright: Central University Libraries. All Rights Reserved | Created by: Mahone Tech Office